00710nam a2200241 a 4500001001300000003000900013005001700022008004100039020002300080082001600103100002100119245005400140260003100194300000900225500003500234505001000269650001900279700002100298902000800319942000700327952011700334999001700451nice12345678IN_TiNIC20260116014041.0050524s2002 dela grp 000 0 eng  a067959X c39500a954.91bWEA aWeaver, Mary Ann aPakistanb in the Shadow of Jihad and Afghanistan aDelhibPenguin Booksc2002 a284p aincludes index and biblioraphy2 aIndex aPakistan-Jihad1 aWeaver, Mary Ann bSRS cBK 001040708StackRoom-aHMIbHMId2007-04-12g395.00l0o954.91 WEAp020384r2007-04-12v395.00w2005-05-24yBK c13668d13668